|
|
|
|
| LEADER |
01565nam a22004815i 4500 |
| 001 |
978-3-662-43978-4 |
| 003 |
DE-He213 |
| 005 |
20161222191357.0 |
| 007 |
cr nn 008mamaa |
| 008 |
161222s2016 gw | s |||| 0|eng d |
| 020 |
|
|
|a 9783662439784
|9 978-3-662-43978-4
|
| 024 |
7 |
|
|a 10.1007/978-3-662-43978-4
|2 doi
|
| 040 |
|
|
|d GrThAP
|
| 050 |
|
4 |
|a QR251-255
|
| 072 |
|
7 |
|a MMFP
|2 bicssc
|
| 072 |
|
7 |
|a MED103000
|2 bisacsh
|
| 082 |
0 |
4 |
|a 616.96
|2 23
|
| 245 |
1 |
0 |
|a Encyclopedia of Parasitology
|h [electronic resource] /
|c edited by Heinz Mehlhorn.
|
| 264 |
|
1 |
|a Berlin, Heidelberg :
|b Springer Berlin Heidelberg :
|b Imprint: Springer,
|c 2016.
|
| 300 |
|
|
|a 1643 illus., 1180 illus. in color. eReference.
|b online resource.
|
| 336 |
|
|
|a text
|b txt
|2 rdacontent
|
| 337 |
|
|
|a computer
|b c
|2 rdamedia
|
| 338 |
|
|
|a online resource
|b cr
|2 rdacarrier
|
| 347 |
|
|
|a text file
|b PDF
|2 rda
|
| 520 |
|
|
|a .
|
| 650 |
|
0 |
|a Medicine.
|
| 650 |
|
0 |
|a Parasitology.
|
| 650 |
|
0 |
|a Tropical medicine.
|
| 650 |
|
0 |
|a Epidemiology.
|
| 650 |
|
0 |
|a Zoology.
|
| 650 |
1 |
4 |
|a Biomedicine.
|
| 650 |
2 |
4 |
|a Parasitology.
|
| 650 |
2 |
4 |
|a Tropical Medicine.
|
| 650 |
2 |
4 |
|a Epidemiology.
|
| 650 |
2 |
4 |
|a Zoology.
|
| 650 |
2 |
4 |
|a Veterinary Medicine/Veterinary Science.
|
| 700 |
1 |
|
|a Mehlhorn, Heinz.
|e editor.
|
| 710 |
2 |
|
|a SpringerLink (Online service)
|
| 773 |
0 |
|
|t Springer eBooks
|
| 776 |
0 |
8 |
|i Printed edition:
|z 9783662439777
|
| 856 |
4 |
0 |
|u http://dx.doi.org/10.1007/978-3-662-43978-4
|z Full Text via HEAL-Link
|
| 912 |
|
|
|a ZDB-2-SBL
|
| 950 |
|
|
|a Biomedical and Life Sciences (Springer-11642)
|